[Event "XXVI Ogolnopolska Olimpiada Mlodziezy"]
[Site "Pulawy"]
[Date "2020.10.09"]
[Round "7.7"]
[White "Gladyszewska, Kinga"]
[Black "Dallemura, Julia"]
[Result "1/2-1/2"]
[WhiteElo "1359"]
[BlackElo "1133"]
[PlyCount "92"]
[EventDate "2020.10.04"]
[EventType "swiss"]
[Tiebreak "Sum of Buchholz+Median1 Buchholz+Sonneborn-Berger (Swiss)"]

1. d4 d5 2. c4 e6 3. Nf3 Nf6 4. Bf4 Be7 5. e3 O-O 6. Bd3 Nc6 7. O-O Re8 8. Nc3
dxc4 9. Bxc4 a6 10. Rc1 Bd6 11. Bg5 h6 12. Bh4 Be7 13. a3 Nh7 14. Bxe7 Qxe7 15.
e4 Ng5 16. Nxg5 Qxg5 17. f4 Qe7 18. Qd3 Rd8 19. Ne2 e5 20. d5 exf4 21. Rxf4 Ne5
22. Qc3 Qc5+ 23. Kh1 Nxc4 24. Qxc4 Qxc4 25. Rxc4 Rd7 26. Rf1 b5 27. Rc5 Bb7 28.
Rfc1 Re8 29. Ng3 Ree7 30. b3 g6 31. Kg1 h5 32. h4 Kf8 33. a4 bxa4 34. bxa4 f6
35. Rb1 Ba8 36. Rb8+ Re8 37. Rb1 Ree7 38. Ra5 Rd6 39. Kf2 Kf7 40. Rc5 Rdd7 41.
Rc4 Rd8 42. Rbc1 Rdd7 43. Rb1 Rd8 44. Rcb4 Ree8 45. Rc1 Rd7 46. Rbc4 Ree7
1/2-1/2

[Event "XXVI Ogolnopolska Olimpiada Mlodziezy"]
[Site "Pulawy"]
[Date "2020.10.09"]
[Round "7.7"]
[White "Mroz, Lena"]
[Black "Gaczol, Julia"]
[Result "1-0"]
[WhiteElo "1623"]
[BlackElo "1360"]
[PlyCount "73"]
[EventDate "2020.10.04"]
[EventType "swiss"]
[Tiebreak "Sum of Buchholz+Median1 Buchholz+Sonneborn-Berger (Swiss)"]

1. e4 c5 2. Nf3 Nc6 3. d4 cxd4 4. Nxd4 Qb6 5. Nb3 Nf6 6. Nc3 e6 7. Be3 Qc7 8.
Bd3 a6 9. O-O b5 10. a3 Be7 11. f4 d6 12. Qf3 Bb7 13. Rae1 O-O 14. Qg3 Rfe8 15.
Bd2 b4 16. axb4 Nxb4 17. Be3 Nxd3 18. cxd3 d5 19. e5 Nd7 20. Kh1 Rab8 21. Nd4
Bf8 22. Rc1 Qd8 23. f5 Nxe5 24. Bf4 Nxd3 25. Bxb8 Nxc1 26. fxe6 f6 27. Bc7 Qe7
28. Rxc1 Qb4 29. Nce2 Bc8 30. Qf3 Qb7 31. Nf4 Qxb2 32. Rd1 Qb7 33. Qc3 g6 34.
h4 Bh6 35. Re1 a5 36. Qxa5 Re7 37. Nxd5 1-0

[Event "XXVI Ogolnopolska Olimpiada Mlodziezy"]
[Site "Pulawy"]
[Date "2020.10.09"]
[Round "7.8"]
[White "Grzebieniowski, Michal"]
[Black "Borowik, Wojciech"]
[Result "1-0"]
[WhiteElo "1588"]
[BlackElo "1759"]
[PlyCount "123"]
[EventDate "2020.10.04"]
[EventType "swiss"]
[Tiebreak "Sum of Buchholz+Median1 Buchholz+Sonneborn-Berger (Swiss)"]

1. d4 Nf6 2. c4 g6 3. g3 Bg7 4. Bg2 O-O 5. Nf3 d6 6. O-O Nc6 7. Nc3 a6 8. Re1
Bd7 9. h3 Rb8 10. e4 e5 11. Be3 exd4 12. Nxd4 Na5 13. Qd3 Qe8 14. Rac1 b5 15.
cxb5 axb5 16. Bf4 Nh5 17. Be3 Nc4 18. b3 Nxe3 19. Qxe3 b4 20. Nd5 c6 21. Nf4
Nxf4 22. gxf4 Ra8 23. Rc2 c5 24. Ne2 Ra6 25. Rd1 Bb5 26. Rcd2 Qe7 27. Rc2 Qa7
28. Nc1 Bd4 29. Qe1 Re8 30. Qd2 d5 31. e5 Rd8 32. Bf1 Bxf1 33. Kxf1 f6 34. Nd3
fxe5 35. fxe5 Rf8 36. Qe2 Re6 37. Qg4 Qe7 38. Re2 h5 39. Qg2 Qb7 40. Rc1 Qa6
41. Rd1 Qb7 42. Qg5 Kh7 43. Nf4 Rf5 44. Nxe6 Rxg5 45. Nxg5+ Kh6 46. Nf3 Bc3 47.
e6 d4 48. Ng1 Qe7 49. Rd3 Kg7 50. Rf3 Kg8 51. Rf7 Qe8 52. Rd7 d3 53. Rxd3 Bf6
54. Rd7 Be7 55. Rd3 h4 56. Rd7 Kf8 57. Re3 Kg8 58. Nf3 Bf6 59. Kg2 Be7 60. Kg1
Kh8 61. Ne5 Bg5 62. Nf7+ 1-0

[Event "XXVI Ogolnopolska Olimpiada Mlodziezy"]
[Site "Pulawy"]
[Date "2020.10.09"]
[Round "7.8"]
[White "Herwy, Jakub"]
[Black "Malek, Jan"]
[Result "1/2-1/2"]
[WhiteElo "1754"]
[BlackElo "1941"]
[PlyCount "60"]
[EventDate "2020.10.04"]
[EventType "swiss"]
[Tiebreak "Sum of Buchholz+Median1 Buchholz+Sonneborn-Berger (Swiss)"]

1. e4 d6 2. f4 c5 3. Nf3 Nc6 4. d3 g6 5. Be2 Bg7 6. O-O Nf6 7. c3 O-O 8. Na3 a6
9. Be3 b5 10. Qd2 Ng4 11. Nc2 Nxe3 12. Nxe3 e5 13. fxe5 dxe5 14. Nd5 Ne7 15. c4
Bb7 16. b3 Rc8 17. Rac1 f5 18. a4 b4 19. Qg5 Nc6 20. Qxd8 Rcxd8 21. Rce1 f4 22.
g3 h6 23. Kg2 g5 24. g4 Kh8 25. Kh1 Kg8 26. Kg2 Kh8 27. Kh1 Kg8 28. Kg2 Kh8 29.
Kh1 Kg8 30. Kg2 Kh8 1/2-1/2

[Event "XXVI Ogolnopolska Olimpiada Mlodziezy"]
[Site "Pulawy"]
[Date "2020.10.09"]
[Round "7.8"]
[White "Kucharska, Helena"]
[Black "Pietrzak, Emilia"]
[Result "1-0"]
[WhiteElo "1727"]
[BlackElo "1398"]
[PlyCount "101"]
[EventDate "2020.10.04"]
[EventType "swiss"]
[Tiebreak "Sum of Buchholz+Median1 Buchholz+Sonneborn-Berger (Swiss)"]

1. e4 c5 2. Nf3 Nc6 3. Bb5 Na5 4. O-O a6 5. Be2 d6 6. d4 cxd4 7. Nxd4 Nf6 8. f3
e6 9. c4 Be7 10. Nc3 O-O 11. Be3 d5 12. cxd5 exd5 13. e5 Ne8 14. f4 Nc6 15. Qb3
Nc7 16. Rad1 f6 17. Bf3 fxe5 18. Nxd5 Nxd5 19. Bxd5+ Kh8 20. Nxc6 Qc7 21. Nxe5
Bf5 22. Rc1 Qa5 23. Rfd1 Rab8 24. Bb6 Qb4 25. Nf7+ Rxf7 26. Qxb4 Bxb4 27. Bxf7
h6 28. Rc4 Be7 29. Re1 Bf6 30. Bd4 Bd3 31. Bxf6 Bxc4 32. Bxg7+ Kxg7 33. Bxc4
Rc8 34. Bb3 Rc7 35. Kf2 Rd7 36. Rd1 Re7 37. f5 Kf6 38. Be6 Rc7 39. Rd2 Rc1 40.
a4 Ra1 41. b3 b5 42. axb5 axb5 43. Rd5 b4 44. Rb5 Ra2+ 45. Kf3 Rc2 46. Rxb4
Rc3+ 47. Kf4 Rc2 48. Rb7 Rf2+ 49. Kg3 Rc2 50. Rh7 Rc3+ 51. Kf4 1-0

[Event "XXVI Ogolnopolska Olimpiada Mlodziezy"]
[Site "Pulawy"]
[Date "2020.10.09"]
[Round "7.8"]
[White "Pniewska, Beata"]
[Black "Sliwicka, Weronika"]
[Result "1-0"]
[WhiteElo "1170"]
[BlackElo "1272"]
[PlyCount "71"]
[EventDate "2020.10.04"]
[EventType "swiss"]
[Tiebreak "Sum of Buchholz+Median1 Buchholz+Sonneborn-Berger (Swiss)"]

1. e4 c5 2. c3 Nf6 3. e5 Nd5 4. d4 cxd4 5. cxd4 Nc6 6. Nf3 d6 7. Be2 e6 8. O-O
Be7 9. Nbd2 dxe5 10. dxe5 O-O 11. Nc4 a6 12. Ne3 Nf4 13. Bc4 Ng6 14. Qe2 Ngxe5
15. Nxe5 Nxe5 16. Rd1 Qc7 17. Bb3 Ng6 18. Bd2 b5 19. Rac1 Qb7 20. Ba5 b4 21.
Ba4 Nf4 22. Qc4 Nd5 23. Bc6 Nxe3 24. fxe3 Qa7 25. Bxa8 Qxa8 26. Bxb4 Bxb4 27.
Qxb4 Bb7 28. Rd2 Rb8 29. Qe7 h6 30. Rc7 Rf8 31. Rxb7 Qc8 32. Rbd7 Qc1+ 33. Kf2
Qc4 34. Rd8 Rxd8 35. Qxd8+ Kh7 36. Qd3+ 1-0

[Event "XXVI Ogolnopolska Olimpiada Mlodziezy"]
[Site "Pulawy"]
[Date "2020.10.09"]
[Round "7.9"]
[White "Ratajczak, Hubert"]
[Black "Nagly, Wojciech"]
[Result "1-0"]
[WhiteElo "1595"]
[BlackElo "1545"]
[PlyCount "135"]
[EventDate "2020.10.04"]
[EventType "swiss"]
[Tiebreak "Sum of Buchholz+Median1 Buchholz+Sonneborn-Berger (Swiss)"]

1. e4 c5 2. Nf3 Nc6 3. d4 cxd4 4. Nxd4 g6 5. c4 Nf6 6. Nc3 Nxd4 7. Qxd4 d6 8.
Be2 Bg7 9. Be3 O-O 10. Qd2 b6 11. f4 Bb7 12. Bf3 Rc8 13. Qe2 e6 14. Rd1 Qe7 15.
O-O Rfd8 16. Rd2 Ba6 17. b3 Re8 18. Bd4 e5 19. fxe5 dxe5 20. Be3 Red8 21. Rfd1
Rxd2 22. Rxd2 Qb4 23. Qd3 Bf8 24. Bg5 Bc5+ 25. Kf1 Be7 26. Bxf6 Bxf6 27. Nd5
Qd6 28. Nxf6+ Qxf6 29. a4 Bb7 30. Qd7 Qc6 31. Ke2 a6 32. Qe7 b5 33. axb5 axb5
34. Rd7 Rf8 35. Rxb7 bxc4 36. Rc7 Qb5 37. bxc4 Qb2+ 38. Kf1 Qc1+ 39. Kf2 Qd2+
40. Kf1 Qc1+ 41. Kf2 Qd2+ 42. Kg3 Qf4+ 43. Kh3 g5 44. g3 Qxf3 45. Qxg5+ Kh8 46.
Qxe5+ Kg8 47. Qf5 Qe3 48. Qf4 Qb6 49. c5 Qb3 50. e5 Kh8 51. Qf6+ Kg8 52. e6
Qxe6+ 53. Qxe6 fxe6 54. c6 e5 55. Re7 Rc8 56. c7 e4 57. Kg4 Rf8 58. Rd7 e3 59.
Rd8 e2 60. Rxf8+ Kxf8 61. c8=Q+ Ke7 62. Qc1 Kf6 63. Qe1 Kg6 64. Qxe2 h6 65.
Qe6+ Kg7 66. Kh5 Kf8 67. Kg6 h5 68. Qf7# 1-0

[Event "XXVI Ogolnopolska Olimpiada Mlodziezy"]
[Site "Pulawy"]
[Date "2020.10.09"]
[Round "7.9"]
[White "Romejko, Jagoda"]
[Black "Giemza, Julia"]
[Result "1/2-1/2"]
[WhiteElo "1257"]
[BlackElo "1279"]
[PlyCount "65"]
[EventDate "2020.10.04"]
[EventType "swiss"]
[Tiebreak "Sum of Buchholz+Median1 Buchholz+Sonneborn-Berger (Swiss)"]

1. e4 c5 2. Nf3 e6 3. d4 cxd4 4. Nxd4 Qb6 5. Nb3 Nf6 6. Bd3 d5 7. Be3 Qc7 8.
N1d2 Nc6 9. O-O Be7 10. a3 O-O 11. f4 dxe4 12. Nxe4 Nxe4 13. Bxe4 Rd8 14. Qf3
f5 15. Bxc6 bxc6 16. Nd4 Bd7 17. Rfe1 c5 18. Nb3 Rab8 19. Rab1 a5 20. Qf2 Rdc8
21. Rbd1 a4 22. Nxc5 Bxc5 23. Bxc5 Qxc5 24. Qxc5 Rxc5 25. Rxd7 Rxc2 26. Rxe6
Rc1+ 27. Kf2 Rxb2+ 28. Re2 Rcc2 29. Rde7 Ra2 30. Re8+ Kf7 31. R8e7+ Kf6 32.
R7e6+ Kf7 33. Re7+ 1/2-1/2

[Event "XXVI Ogolnopolska Olimpiada Mlodziezy"]
[Site "Pulawy"]
[Date "2020.10.09"]
[Round "7.9"]
[White "Slusarczyk, Anna"]
[Black "Predkiewicz, Paulina"]
[Result "1-0"]
[WhiteElo "1330"]
[BlackElo "1243"]
[PlyCount "147"]
[EventDate "2020.10.04"]
[EventType "swiss"]
[Tiebreak "Sum of Buchholz+Median1 Buchholz+Sonneborn-Berger (Swiss)"]

1. d4 d5 2. c4 e6 3. Nc3 Be7 4. cxd5 exd5 5. Nf3 Nf6 6. Bg5 h6 7. Bh4 O-O 8. e3
b6 9. Bd3 Ba6 10. O-O Bxd3 11. Qxd3 c6 12. a3 Nbd7 13. b4 Qc7 14. Rfc1 Qb7 15.
b5 c5 16. dxc5 Bxc5 17. Nd4 Ne5 18. Qd1 Be7 19. Nf5 Rad8 20. Nxe7+ Qxe7 21.
Bxf6 Qxf6 22. Nxd5 Qd6 23. Nf4 Qxd1+ 24. Rxd1 Rd7 25. Rxd7 Nxd7 26. Rd1 Nc5 27.
Nd5 Re8 28. Nb4 Rc8 29. Nc6 Rc7 30. Rd8+ Kh7 31. Kf1 f6 32. Ra8 Rd7 33. Nxa7
Rd1+ 34. Ke2 Ra1 35. Nc8 Rb1 36. a4 Rb4 37. Nxb6 Kg6 38. Kd2 Nxa4 39. Rxa4 Rxb5
40. Nc4 Rb1 41. Nd6 Rb2+ 42. Ke1 Kh7 43. Rg4 Rb6 44. Ne8 Rb7 45. Ke2 Re7 46.
Rxg7+ Rxg7 47. Nxg7 Kxg7 48. Kf3 Kg6 49. Kg4 h5+ 50. Kf4 f5 51. h4 Kf6 52. g3
Kg6 53. Ke5 f4 54. Kxf4 Kf6 55. e4 Kg6 56. Ke5 Kf7 57. Kf5 Ke7 58. Ke5 Ke8 59.
Ke6 Kf8 60. Kd7 Kg7 61. e5 Kg6 62. e6 Kf5 63. e7 Kg4 64. e8=Q Kh3 65. Qxh5 Kg2
66. Ke6 Kh3 67. Qf3 Kh2 68. Kf5 Kg1 69. h5 Kh2 70. g4 Kg1 71. Kf4 Kh2 72. g5
Kg1 73. Kg3 Kf1 74. Qd1# 1-0

[Event "XXVI Ogolnopolska Olimpiada Mlodziezy"]
[Site "Pulawy"]
[Date "2020.10.09"]
[Round "7.9"]
[White "Wilk, Igor"]
[Black "Starosciak, Szymon"]
[Result "1-0"]
[WhiteElo "1744"]
[BlackElo "1926"]
[PlyCount "91"]
[EventDate "2020.10.04"]
[EventType "swiss"]
[Tiebreak "Sum of Buchholz+Median1 Buchholz+Sonneborn-Berger (Swiss)"]

1. e4 c5 2. Nf3 Nc6 3. d4 cxd4 4. Nxd4 Nf6 5. Nc3 d6 6. Bc4 e6 7. Be3 Be7 8.
Qe2 a6 9. O-O-O Nxd4 10. Bxd4 b5 11. Bb3 Bb7 12. e5 dxe5 13. Bxe5 Qa5 14. Bxf6
gxf6 15. Qh5 Qb6 16. Rhe1 Qc5 17. Qe2 Qe5 18. Qf1 Qf4+ 19. Kb1 O-O 20. Rd7 Bc8
21. Rxe7 Qd6 22. Nd5 exd5 23. Qd3 Be6 24. R1xe6 Qxe6 25. Rxe6 fxe6 26. Qg3+ Kf7
27. Qc7+ Kg6 28. c3 f5 29. Qc6 Kf7 30. h3 Rg8 31. g3 h5 32. h4 Rac8 33. Qxa6 f4
34. Qxb5 fxg3 35. fxg3 Kf6 36. Qf1+ Ke7 37. Qe1 Kd6 38. Bd1 e5 39. Bxh5 e4 40.
Qe3 Rb8 41. g4 Rgf8 42. g5 Rf1+ 43. Kc2 Rbf8 44. Be2 R1f2 45. Kd1 Rh2 46. Qg3+
1-0

[Event "XXVI Ogolnopolska Olimpiada Mlodziezy"]
[Site "Pulawy"]
[Date "2020.10.09"]
[Round "7.10"]
[White "Madajczak, Piotr"]
[Black "Rog, Bartlomiej"]
[Result "1/2-1/2"]
[WhiteElo "1814"]
[BlackElo "1906"]
[PlyCount "151"]
[EventDate "2020.10.04"]
[EventType "swiss"]
[Tiebreak "Sum of Buchholz+Median1 Buchholz+Sonneborn-Berger (Swiss)"]

1. e4 c5 2. Nc3 a6 3. d4 cxd4 4. Qxd4 Nc6 5. Qd2 g6 6. b3 Bg7 7. Bb2 Nf6 8.
O-O-O b5 9. f3 O-O 10. g4 e6 11. h4 h5 12. gxh5 Nxh5 13. Nge2 Ne5 14. Bg2 Bb7
15. Kb1 Qb6 16. Rdf1 Rfd8 17. f4 Ng4 18. Bf3 Ngf6 19. e5 Bxf3 20. Rxf3 Ne8 21.
Ng3 d6 22. Nxh5 dxe5 23. Qe2 gxh5 24. fxe5 b4 25. Ne4 Qc6 26. Rg1 Kf8 27. Ng5
Rd7 28. Nh7+ Ke7 29. Nf6 Bxf6 30. exf6+ Kd8 31. Rd3 Raa7 32. Rgd1 Rxd3 33.
Rxd3+ Rd7 34. Rxd7+ Kxd7 35. Qxh5 Qh1+ 36. Bc1 Nd6 37. Qc5 Qxh4 38. Qa7+ Kc6
39. Qxa6+ Kd7 40. Qa7+ Kc6 41. a3 Qxf6 42. axb4 Qf1 43. Qe3 Nb5 44. c4 Nc7 45.
b5+ Kb7 46. Qe4+ Kb8 47. b6 Na6 48. c5 Qd1 49. Qc4 Nxc5 50. Qxc5 Qxb3+ 51. Bb2
Qd1+ 52. Ka2 Kb7 53. Qc7+ Ka6 54. Qa7+ Kb5 55. b7 Qd5+ 56. Kb1 Qd3+ 57. Kc1
Qf1+ 58. Kd2 Qg2+ 59. Ke1 Qe4+ 60. Kf2 Qf4+ 61. Ke1 Qe4+ 62. Kf1 Qb1+ 63. Kg2
Qxb2+ 64. Kf3 Qf6+ 65. Kg4 Qf5+ 66. Kg3 Qd3+ 67. Kh4 Qh7+ 68. Kg4 Qf5+ 69. Kg3
Qd3+ 70. Kf2 Qf5+ 71. Ke2 Qg4+ 72. Kd3 Qf3+ 73. Kd2 Qg2+ 74. Ke1 Qe4+ 75. Kd2
Qg2+ 76. Ke1 1/2-1/2

[Event "XXVI Ogolnopolska Olimpiada Mlodziezy"]
[Site "Pulawy"]
[Date "2020.10.09"]
[Round "7.10"]
[White "Musin, Pawel"]
[Black "Rozek, Michal"]
[Result "0-1"]
[WhiteElo "1372"]
[BlackElo "1442"]
[PlyCount "108"]
[EventDate "2020.10.04"]
[EventType "swiss"]
[Tiebreak "Sum of Buchholz+Median1 Buchholz+Sonneborn-Berger (Swiss)"]

1. e4 e5 2. Bc4 Nc6 3. Nc3 Bc5 4. Qg4 g6 5. Qf3 Qf6 6. Nd5 Qxf3 7. Nxf3 Bd6 8.
c3 Nce7 9. Ng5 Nxd5 10. Bxd5 Nh6 11. Nf3 f6 12. d4 Nf7 13. Bxf7+ Kxf7 14. dxe5
fxe5 15. b3 Re8 16. Bb2 h6 17. h3 Bc5 18. a3 Bf8 19. O-O-O d6 20. Nh2 Bg7 21.
Nf1 Be6 22. b4 a5 23. Ne3 axb4 24. axb4 Bb3 25. Rd3 Be6 26. Kc2 Red8 27. Ra1
Rxa1 28. Bxa1 c6 29. c4 Ke7 30. Ra3 Rd7 31. f3 h5 32. c5 d5 33. exd5 cxd5 34.
Nd1 Bf5+ 35. Kd2 d4 36. Nf2 Bh6+ 37. Ke2 Bc1 38. Rb3 Bc2 39. Rd3 Ke6 40. b5
Bxd3+ 41. Kxd3 Kd5 42. Ne4 Re7 43. Kc2 Ba3 44. Bb2 Bxb2 45. Kxb2 Kc4 46. b6 Rd7
47. Kc2 Kb5 48. Kd3 Rd5 49. g3 Rxc5 50. Nxc5 Kxc5 51. f4 exf4 52. gxf4 Kd5 53.
h4 Kc5 54. Ke4 Kc4 0-1

[Event "XXVI Ogolnopolska Olimpiada Mlodziezy"]
[Site "Pulawy"]
[Date "2020.10.09"]
[Round "7.10"]
[White "Skolska, Emilia"]
[Black "Arciszewska, Zuzanna"]
[Result "1/2-1/2"]
[WhiteElo "1401"]
[BlackElo "1593"]
[PlyCount "49"]
[EventDate "2020.10.04"]
[EventType "swiss"]
[Tiebreak "Sum of Buchholz+Median1 Buchholz+Sonneborn-Berger (Swiss)"]

1. e4 e5 2. Nf3 Nc6 3. Bc4 Bc5 4. O-O Nf6 5. d4 Bxd4 6. Nxd4 Nxd4 7. f4 d6 8.
c3 Ne6 9. Bxe6 Bxe6 10. f5 Bc4 11. Re1 Qd7 12. b3 Bb5 13. c4 Bc6 14. Nc3 h6 15.
Qf3 Qe7 16. Ba3 O-O 17. Rac1 Nh7 18. Red1 Qh4 19. g3 Ng5 20. Qe2 Qh3 21. Nd5
Bxd5 22. cxd5 Rac8 23. Rc3 g6 24. f6 Qd7 25. h4 1/2-1/2

[Event "XXVI Ogolnopolska Olimpiada Mlodziezy"]
[Site "Pulawy"]
[Date "2020.10.09"]
[Round "7.10"]
[White "Zgoda, Aleksandra"]
[Black "Zapalowska, Wiktoria"]
[Result "1/2-1/2"]
[WhiteElo "1268"]
[BlackElo "1209"]
[PlyCount "84"]
[EventDate "2020.10.04"]
[EventType "swiss"]
[Tiebreak "Sum of Buchholz+Median1 Buchholz+Sonneborn-Berger (Swiss)"]

1. e4 c6 2. Nf3 d5 3. Nc3 Bg4 4. exd5 cxd5 5. d4 e6 6. h3 Bxf3 7. Qxf3 Nc6 8.
Be3 Bb4 9. Qg3 g6 10. a3 Qa5 11. Bd2 Nge7 12. Rd1 Bxc3 13. Bxc3 Nf5 14. Qd3 Qb6
15. Be2 h5 16. f4 O-O-O 17. b4 Qc7 18. O-O h4 19. Ra1 Nce7 20. a4 Ng3 21. Rf3
Nxe2+ 22. Qxe2 Nf5 23. b5 b6 24. a5 Kd7 25. axb6 axb6 26. Bb2 Ra8 27. Rxa8 Rxa8
28. Qd3 Rc8 29. c3 Ra8 30. Rf2 Ra5 31. Rf1 Ng3 32. Rf3 Ra2 33. Bc1 Ne2+ 34. Kf1
Nxc1 35. Qb1 Ra5 36. Qxc1 Rxb5 37. Qa3 Qc4+ 38. Kg1 Rb1+ 39. Kh2 Ke8 40. Qa8+
Ke7 41. Qb7+ Kf6 42. Qb8 Ke7 1/2-1/2

[Event "XXVI Ogolnopolska Olimpiada Mlodziezy"]
[Site "Pulawy"]
[Date "2020.10.09"]
[Round "7.11"]
[White "Bandyk, Joanna"]
[Black "Moczala, Maja"]
[Result "0-1"]
[WhiteElo "1191"]
[BlackElo "1252"]
[PlyCount "92"]
[EventDate "2020.10.04"]
[EventType "swiss"]
[Tiebreak "Sum of Buchholz+Median1 Buchholz+Sonneborn-Berger (Swiss)"]

1. e4 c5 2. Nf3 Nc6 3. Bb5 g6 4. O-O Bg7 5. c3 e6 6. d4 cxd4 7. cxd4 Nge7 8.
Re1 Qb6 9. Bxc6 Nxc6 10. e5 O-O 11. Nc3 f6 12. b3 fxe5 13. Na4 Qc7 14. Bb2 exd4
15. Nxd4 Qf4 16. Nf3 Bxb2 17. Nxb2 d5 18. Nd3 Qf6 19. Rc1 Re8 20. Nde5 Nxe5 21.
Nxe5 b6 22. Qe2 Qe7 23. Qg4 Bb7 24. h4 Kh8 25. Rc3 Rad8 26. Rf3 Rf8 27. h5 Rxf3
28. Qxf3 Rf8 29. Qg4 gxh5 30. Qxh5 Qg7 31. Re3 Rf5 32. Qh2 d4 33. Re1 Rg5 34.
f3 d3 35. Nxd3 Qd4+ 36. Nf2 Bxf3 37. Qb8+ Rg8 38. Qe5+ Qxe5 39. Rxe5 Bxg2 40.
Kh2 Bd5 41. Nd3 Rg2+ 42. Kh3 Rxa2 43. Nb4 Ra3 44. Nxd5 exd5 45. Rxd5 Rxb3+ 46.
Kg4 a5 0-1

[Event "XXVI Ogolnopolska Olimpiada Mlodziezy"]
[Site "Pulawy"]
[Date "2020.10.09"]
[Round "7.11"]
[White "Egeman, Emilia"]
[Black "Labedz, Gabriela"]
[Result "1-0"]
[WhiteElo "1534"]
[BlackElo "1240"]
[PlyCount "73"]
[EventDate "2020.10.04"]
[EventType "swiss"]
[Tiebreak "Sum of Buchholz+Median1 Buchholz+Sonneborn-Berger (Swiss)"]

1. e4 c5 2. Nf3 Nc6 3. d4 cxd4 4. Nxd4 Qb6 5. Nb3 Nf6 6. Nc3 e6 7. Be3 Qc7 8.
Nb5 Qd8 9. Bf4 e5 10. Bg5 d6 11. Bc4 a6 12. Bxf6 gxf6 13. Qh5 Qd7 14. Nc3 Bg7
15. O-O-O O-O 16. Be2 f5 17. Nd5 Rb8 18. Bd3 Qe6 19. exf5 Qh6+ 20. Qxh6 Bxh6+
21. Nd2 b5 22. g4 f6 23. Kb1 Bxd2 24. Rxd2 Kf7 25. Be4 Bb7 26. Rhd1 Rfd8 27.
Rd3 a5 28. Rh3 Kg7 29. g5 Nd4 30. Nxf6 Bxe4 31. Rxh7+ Kf8 32. Nxe4 Nxf5 33. Nf6
Ne7 34. h4 Ng8 35. Nd7+ Rxd7 36. Rxd7 Ne7 37. R1xd6 1-0

[Event "XXVI Ogolnopolska Olimpiada Mlodziezy"]
[Site "Pulawy"]
[Date "2020.10.09"]
[Round "7.11"]
[White "Liskiewicz, Jakub"]
[Black "Przybylski, Jan"]
[Result "0-1"]
[WhiteElo "1622"]
[BlackElo "1398"]
[PlyCount "75"]
[EventDate "2020.10.04"]
[EventType "swiss"]
[Tiebreak "Sum of Buchholz+Median1 Buchholz+Sonneborn-Berger (Swiss)"]

1. d4 d5 2. c4 e6 3. Nc3 Nf6 4. Bg5 Be7 5. e3 h6 6. Bh4 O-O 7. Nf3 b6 8. Rc1
Bb7 9. cxd5 exd5 10. Be2 Nbd7 11. O-O c5 12. dxc5 bxc5 13. Qa4 a6 14. Rfd1 Qc7
15. a3 Bc6 16. Qc2 Rfe8 17. b4 Qb6 18. bxc5 Qxc5 19. Bxf6 Nxf6 20. Nd4 Bd7 21.
Bf3 Qxa3 22. Nxd5 Nxd5 23. Bxd5 Rac8 24. Qb1 Rb8 25. Qg6 Rf8 26. Rc7 Qa4 27.
Rdc1 Bf6 28. Nf5 Kh8 29. Bxf7 Rxf7 30. Qxf7 Bxf5 31. R7c6 Qxc6 32. Rd1 Qc2 33.
Rf1 Rb1 34. Qe8+ Kh7 35. g4 Rxf1+ 36. Kxf1 Qd1+ 37. Kg2 Qxg4+ 38. Kf1 0-1

[Event "XXVI Ogolnopolska Olimpiada Mlodziezy"]
[Site "Pulawy"]
[Date "2020.10.09"]
[Round "7.11"]
[White "Paszkowski, Krystian"]
[Black "Jeda, Maciej"]
[Result "0-1"]
[WhiteElo "1889"]
[BlackElo "1768"]
[PlyCount "112"]
[EventDate "2020.10.04"]
[EventType "swiss"]
[Tiebreak "Sum of Buchholz+Median1 Buchholz+Sonneborn-Berger (Swiss)"]

1. c4 e5 2. g3 Nf6 3. Bg2 Nc6 4. Nc3 g6 5. e3 Bg7 6. Nge2 O-O 7. O-O d6 8. d3
Re8 9. e4 Rb8 10. Nd5 Nxd5 11. cxd5 Ne7 12. Be3 a6 13. Rc1 c5 14. b4 b6 15. Qa4
Qd7 16. Qa3 Qa7 17. f4 f6 18. Kh1 Bd7 19. Ng1 h6 20. Bh3 Bxh3 21. Nxh3 Rb7 22.
Nf2 Kh7 23. fxe5 fxe5 24. Ng4 Ng8 25. Qa4 Rd8 26. Rb1 Rc8 27. Qb3 Rf7 28. Kg2
Rcf8 29. bxc5 bxc5 30. Qb2 h5 31. Nf2 Bh6 32. Qe2 Bxe3 33. Qxe3 Nh6 34. Qe2 Qd7
35. Nh3 Rxf1 36. Rxf1 Rxf1 37. Qxf1 Ng4 38. Qf3 Kg7 39. Ng5 Qe7 40. Ne6+ Kg8
41. h3 Nf6 42. Qf2 Ne8 43. h4 Nc7 44. Ng5 Nb5 45. Ne6 Nd4 46. Nxd4 cxd4 47. Qf3
Kg7 48. Kh3 Qd7+ 49. g4 Qc8 50. Kg3 hxg4 51. Qxg4 Qc2 52. Qf3 Qxa2 53. h5 Qd2
54. hxg6 Qg5+ 55. Kh2 Kxg6 56. Qd1 Qh5+ 0-1

[Event "XXVI Ogolnopolska Olimpiada Mlodziezy"]
[Site "Pulawy"]
[Date "2020.10.09"]
[Round "7.12"]
[White "Jaszczuk, Piotr"]
[Black "Jaworski, Tymon"]
[Result "0-1"]
[WhiteElo "1312"]
[BlackElo "1580"]
[PlyCount "86"]
[EventDate "2020.10.04"]
[EventType "swiss"]
[Tiebreak "Sum of Buchholz+Median1 Buchholz+Sonneborn-Berger (Swiss)"]

1. e4 e5 2. Nf3 Nc6 3. Bc4 d6 4. c3 g6 5. d3 Qe7 6. Bb3 Bg7 7. O-O Nf6 8. Bc2
O-O 9. Bg5 h6 10. Bxf6 Qxf6 11. Nbd2 Be6 12. Qe2 Rad8 13. Rad1 Rfe8 14. Nb3 Qe7
15. d4 Bxb3 16. axb3 exd4 17. Nxd4 Nxd4 18. cxd4 c5 19. dxc5 dxc5 20. Bb1 Bd4
21. Rd2 Qe6 22. Qc4 Qe5 23. Re2 Bxb2 24. Kh1 Bc3 25. f4 Qd4 26. e5 Qxc4 27.
bxc4 Kg7 28. Be4 Re7 29. Bd5 b5 30. Re3 b4 31. Ref3 f6 32. e6 f5 33. h3 Kf6 34.
g4 a5 35. Rg3 Rg8 36. h4 a4 37. gxf5 Kxf5 38. h5 a3 39. Rg2 b3 40. hxg6 a2 41.
Be4+ Kxe4 42. f5 a1=Q 43. Rxa1 Bxa1 0-1

[Event "XXVI Ogolnopolska Olimpiada Mlodziezy"]
[Site "Pulawy"]
[Date "2020.10.09"]
[Round "7.12"]
[White "Trybus, Dominika"]
[Black "Dallemura, Anna"]
[Result "1/2-1/2"]
[WhiteElo "1471"]
[BlackElo "1420"]
[PlyCount "63"]
[EventDate "2020.10.04"]
[EventType "swiss"]
[Tiebreak "Sum of Buchholz+Median1 Buchholz+Sonneborn-Berger (Swiss)"]

1. e4 e5 2. Bc4 Bc5 3. Nf3 Nc6 4. c3 Nf6 5. d4 exd4 6. cxd4 Bb4+ 7. Bd2 Bxd2+
8. Nbxd2 d5 9. exd5 Nxd5 10. O-O O-O 11. Ne4 Nb6 12. Bb5 Ne7 13. Qc2 c6 14. Bd3
Ng6 15. Neg5 Nd5 16. a3 Ndf4 17. Bc4 Qf6 18. Rfe1 Bf5 19. Qb3 b5 20. Bf1 Rfe8
21. g3 Ne6 22. Ne4 Qd8 23. Rad1 Bg4 24. d5 cxd5 25. Rxd5 Qc7 26. Nfd2 Nef8 27.
Rxb5 Nd7 28. Rb7 Qa5 29. Rb5 Qc7 30. Rb7 Qa5 31. Rb5 Qc7 32. Rb7 1/2-1/2

[Event "XXVI Ogolnopolska Olimpiada Mlodziezy"]
[Site "Pulawy"]
[Date "2020.10.09"]
[Round "7.12"]
[White "Wydmanski, Szymon"]
[Black "Madej, Marek"]
[Result "0-1"]
[WhiteElo "1598"]
[BlackElo "1835"]
[PlyCount "44"]
[EventDate "2020.10.04"]
[EventType "swiss"]
[Tiebreak "Sum of Buchholz+Median1 Buchholz+Sonneborn-Berger (Swiss)"]

1. e4 e5 2. Nf3 Nc6 3. Bc4 Bc5 4. c3 Nf6 5. d3 a6 6. Bb3 Ba7 7. Nbd2 O-O 8. Nf1
d5 9. Qe2 dxe4 10. dxe4 h6 11. Ng3 Qe7 12. h3 Na5 13. Bc2 Bd7 14. b3 Rad8 15.
Nh4 Bb5 16. Nhf5 Qc5 17. Qf3 Bd3 18. Bxd3 Qxc3+ 19. Ke2 Qxa1 20. Nxh6+ gxh6 21.
Bxh6 Qxa2+ 22. Kf1 Rxd3 0-1

[Event "XXVI Ogolnopolska Olimpiada Mlodziezy"]
[Site "Pulawy"]
[Date "2020.10.09"]
[Round "7.13"]
[White "Bialek, Alicja"]
[Black "Pastuszko, Katarzyna"]
[Result "1-0"]
[WhiteElo "1457"]
[BlackElo "1251"]
[PlyCount "159"]
[EventDate "2020.10.04"]
[EventType "swiss"]
[Tiebreak "Sum of Buchholz+Median1 Buchholz+Sonneborn-Berger (Swiss)"]

1. e4 e5 2. Nc3 Nf6 3. g3 Nc6 4. Bg2 Bc5 5. Nge2 O-O 6. O-O d6 7. Na4 Be6 8.
Nxc5 dxc5 9. Kh1 Nd4 10. d3 c4 11. Bg5 Nxe2 12. Qxe2 cxd3 13. cxd3 h6 14. Bd2
Nd7 15. f4 f6 16. f5 Bf7 17. Qg4 Kh7 18. Bc3 c5 19. b4 b6 20. Rfd1 Qe7 21. bxc5
bxc5 22. a3 Rfc8 23. Rab1 Rab8 24. Qe2 Rxb1 25. Rxb1 Rb8 26. Rxb8 Nxb8 27. Qb2
Nc6 28. Bf3 Nd4 29. Bd1 Qc7 30. Kg2 Qb6 31. g4 Qxb2+ 32. Bxb2 c4 33. dxc4 Bxc4
34. Bxd4 exd4 35. Kf3 d3 36. h4 g5 37. hxg5 hxg5 38. e5 Kg7 39. e6 Kf8 40. Ke3
Ke7 41. Bf3 Kd6 42. Be4 Bb3 43. Bxd3 a5 44. Be2 a4 45. Kd4 Bc2 46. Kc3 Bb3 47.
Kb4 Bc2 48. Kc3 Bb3 49. Kd2 Bd5 50. Bb5 Bb3 51. Bd7 Ke7 52. Bc6 Kd6 53. Bf3 Bc4
54. Bd1 Bb5 55. Kc3 Kc5 56. Bc2 Kd6 57. Bd1 Bc6 58. Kb4 Ke7 59. Bxa4 Bf3 60.
Bc2 Bxg4 61. Be4 Be2 62. Kc5 Bd1 63. Kc4 Kd6 64. Kb4 Be2 65. a4 Bg4 66. a5 Be2
67. Kc3 Ba6 68. Kd4 Bf1 69. Bb7 g4 70. Ke3 g3 71. Kf3 g2 72. Kf2 Bb5 73. Kxg2
Kc7 74. a6 Be8 75. Kf3 Kb6 76. Ke4 Kc7 77. Kd5 Bb5 78. Kc5 Be8 79. Bd5 Kb8 80.
Kb6 1-0